| 000 | 01217nam a2200205Ia 4500 | ||
|---|---|---|---|
| 008 | 220216s9999 xx 000 0 und d | ||
| 100 | _aChuoy-Plong P | ||
| 245 | 0 | _aWater resistant starch xanthide filled natural rubber | |
| 260 |
_bIndian Journal of Natural Rubber Research _c1993 |
||
| 300 | _a28-42 | ||
| 520 | _aStarch xanthide-natural rubber latex masterbatching process was studied starting from both latex concentrate and fresh field latex. Masterbatches of varying starch xanthide content were prepared. Physical properties of the compounds containing various starch xanthide loading were investigated both before and after exposure to water. The use of mercapto silane (Silane A 189) coupling agent in starch xanthide filled natural rubber was examined with the intention of reducing its water sensitivity. It was concluded that vulcanizates containing Silane A 189 have significantly improved physical properties in both dry and wet states and have substantially lower water sensitivity. | ||
| 650 | _aCoupling agent | ||
| 650 | _aNatural rubber | ||
| 650 | _aReinforcement | ||
| 650 | _aSilane | ||
| 650 | _aStarch xanthide | ||
| 650 | _aWater resistance | ||
| 700 | _aHepburn C | ||
| 942 | _cJS | ||
| 999 |
_c72301 _d72301 |
||